Library Banner

Environmental science [instructor's guide] (Record no. 52902)

MARC details
000 -LEADER
fixed length control field 00562nam a2200205Ia 4500
001 - CONTROL NUMBER
control field 55564
008 - FIXED-LENGTH DATA ELEMENTS--GENERAL INFORMATION
fixed length control field 140506s9999 xx 000 0 und d
020 ## - INTERNATIONAL STANDARD BOOK NUMBER
International Standard Book Number NA
040 ## - CATALOGING SOURCE
Transcribing agency PK-LaUMT
082 ## - DEWEY DECIMAL CLASSIFICATION NUMBER
Classification number MAL 363.7
Item number ENV-
100 ## - MAIN ENTRY--PERSONAL NAME
Personal name Turk, Amos
245 ## - TITLE STATEMENT
Title Environmental science [instructor's guide]
Statement of responsibility, etc Turk, Amos<>Turk, Jonahthan<>Wittes, Janet T.<>Wittes, Robert
260 ## - PUBLICATION, DISTRIBUTION, ETC. (IMPRINT)
Place of publication, distribution, etc Philadelphia,USA:
Name of publisher, distributor, etc W. B. Saunders,
Date of publication, distribution, etc NA
300 ## - PHYSICAL DESCRIPTION
Extent 41 p.
546 ## - LANGUAGE NOTE
Language note EN
700 ## - ADDED ENTRY--PERSONAL NAME
Personal name Turk, Jonahthan
700 ## - ADDED ENTRY--PERSONAL NAME
Personal name Wittes, Janet T.
700 ## - ADDED ENTRY--PERSONAL NAME
Personal name Wittes, Robert
942 ## - ADDED ENTRY ELEMENTS (KOHA)
Koha item type Books
Holdings
Withdrawn status Lost status Damaged status Not for loan Home library Current library Date acquired Total Checkouts Full call number Barcode Date last seen Price effective from Koha item type
        UMT Main Campus UMT Main Campus 2014-05-06   MAL 363.7 ENV- 75628 2014-05-08 2014-05-08 Books